Dictionary of commercial terms (Record no. 5368)

MARC details
000 -LEADER
fixed length control field 00517cam a2200181ua 4500
008 - FIXED-LENGTH DATA ELEMENTS--GENERAL INFORMATION
fixed length control field 131128n ii |||frmmmmZ001|0|eng
040 ## - CATALOGING SOURCE
Transcribing agency MAIN
082 ## - DEWEY DECIMAL CLASSIFICATION NUMBER
Classification number 380.03
245 ## - TITLE STATEMENT
Title Dictionary of commercial terms
Statement of responsibility, etc. By S.V. Shastri
Medium Theses
260 ## - PUBLICATION, DISTRIBUTION, ETC.
Place of publication, distribution, etc. New delhi:
Name of publisher, distributor, etc. S. chand & company,
Date of publication, distribution, etc. 1985.
300 ## - PHYSICAL DESCRIPTION
Extent x,88p.
700 ## - ADDED ENTRY--PERSONAL NAME
Personal name Shastri,S.V.,
Relator term
700 ## - ADDED ENTRY--PERSONAL NAME
Personal name Vaidya,P.H.,
Relator term
942 ## - ADDED ENTRY ELEMENTS (KOHA)
Koha item type Books
653 ## - INDEX TERM--UNCONTROLLED
Uncontrolled term Commerce, communications & transportation
653 ## - INDEX TERM--UNCONTROLLED
Uncontrolled term Dictionary of commercial terms
Holdings
Withdrawn status Lost status Damaged status Not for loan Home library Current library Shelving location Date acquired Total Checkouts Full call number Barcode Date last seen Copy number Price effective from Koha item type
        Central Library, Naharkatiya College Central Library, Naharkatiya College General Stacks 19/09/2020   380.03 | SHA 13931 19/09/2020 1 19/09/2020 Books

Naharkatiya College © 2020. All rights reserved.

Powered By